000 00418 a2200145 4500
245 _aChristopher Columbus answers all charges
_hprint
020 _a0889841500 :
650 _aHistory
005 20191021095621.0
260 _aonc
_bPorcupine's Quill
_cc1993
084 _aPR8585U4388C47
300 _a175 p.
_b 23 cm.
_c175 p. ; 23 cm.
500 _aYuri Rubinsky and Marc Giacomelli.
999 _c12462
_d12462